| 000 | 00859nam a22002177a 4500 | ||
|---|---|---|---|
| 005 | 20220826121509.0 | ||
| 008 | 220826s2021 ck |||gr|||| 00| 0 spa d | ||
| 020 | _a9789585154117 | ||
| 040 |
_aCO-BoUCM _bspa _cDeissy Garcia _dDeissy Garcia |
||
| 041 | 0 | _aspa | |
| 100 |
_9133837 _aDevis Granados, Isaac Alfonso |
||
| 245 | 1 | 0 |
_aHistoria de las telecomunicaciones en Colombia _cIsaac Alfonso Devis Granados |
| 260 |
_aBogotá _bAcademia Colombiana de Historia _c2021 |
||
| 300 | _a190 páginas | ||
| 504 | _aIncluye referencias bibliográficas | ||
| 650 | 7 |
_aTelecomunicaciones _xHistoria _zColombia _9175506 |
|
| 650 | 7 |
_aTelecomunicaciones _xAspectos jurídicos _zColombia _937857 |
|
| 650 | 7 |
_aTelecomunicaciones _xPolítica gubernamental _zColombia _9175507 |
|
| 942 |
_2DEWEY _a5 _cLIBRO _e1 _h384.0986 _mD496h _n0 |
||
| 999 |
_c321620 _d321620 |
||